Currencies replaced by Euro by symbol - Statistics

General Stats
  • This quiz has been taken 14 times
  • The average score is 14 of 25
Answer Stats
Symbol Period Currency % Correct
fr. 1832-2002 Belgian Franc
93%
£ 1879-2008 Cypriot Pound
93%
F/Fr XIII century-2002 French Franc
93%
£/IR£ 1927-2002 Irish pound
93%
F 1854-2002 Luxembourgish Franc
93%
fr./F 1837-2002 Monégasque Franc
93%
DM 1948-2002 German Mark
86%
₤‎ 1861-2002 Italian Lira
86%
₤M/Lm 1972-2008 Maltese Lira
86%
₤‎ 1864/65-2002 Sammarinese Lira
86%
₤‎ 1866-1870 and1929-2002 Vatican Lira
86%
din. / дин. 1945-2002 Yugoslavian Dinar (Kosovo & Montenegro)
64%
₯/Δρ 1832-2002 Greek Drachma
57%
$ (cifrao) 1911-2002 Portuguese Escudo
43%
Sk 1993-2008 Slovak Koruna
43%
Pts 1868-2002 Spanish Peseta
43%
лв. 1881-2026 Bulgarian Lev
36%
S/öS 1925-1938 and1945-2002 Austrian Schilling
29%
mk 1860-2002 Finnish Markka
29%
Lt 1993-2015 Lithuanian Litas
29%
kn 1994-2023 Croatian Kuna
21%
Ls 1993-2014 Latvian Lats
21%
T 1991-2007 Slovenian Tolar
21%
KR 1992-2011 Estonian Kroon
14%
ƒ 1434-2002 Dutch Gulden
7%
No matching quizzes found
Score Distribution
Percent of People with Each Score
Percentile by Number Answered
Your Score History
You have not taken this quiz